zpět

Detail výsledku týmu

Burger & Beer Brothers, Olomouc

Datum a čas kvízu

35 Celkem bodů Celkový počet nahraných bodů na tomto kvízu bez doplňovacích otázek.
3. Pořadí na kvízu Konečné umístění týmu na tomto kvízu.

Zaznamenané odpovědi

# Otázka Odpověď Body Výsledky
1. Šéf odborů po svém znovuzvolen... Josef Středula 1
2. Minulý týden navštívil Českou... Polska 1
3. Ve čtvrtek vstoupil do našich... Promlčeno 1
4. Tradiční český výrobce letadel... v Kunovicích 1
5. Česká snowboardistka a sjezdov... windsurfing 0
6. Při závodech osmiveslic nesmí... kormidelníka 0
7. Aby byl kůň podle Mezinárodní... D 0
8. Sféra s 26 otvory, plocha 800... o florbale 1
9. Kterou hodnotu určuje číslo 13... C 0
10. Křížová cesta je řada kapliček... 14 zastavení 1